| 000 | 00580nam a2200229Ia 4500 | ||
|---|---|---|---|
| 008 | 180523s9999 xx 000 0 und d | ||
| 020 | _a978-81-7992-703-8 | ||
| 050 | _aMAIN HG 179 | ||
| 050 | _b.L38 2007 | ||
| 100 | _aLaut, Phil. | ||
| 245 | 0 | _aMoney is my friend : | |
| 245 | 0 | _bfor the new millennium / | |
| 245 | 0 | _cPhil Laut, Jeffery Combs, Lisa Kitter. | |
| 260 | _aMumbai : | ||
| 260 | _bJaico Publishing, | ||
| 260 | _c2007 | ||
| 300 | _a168 pages : | ||
| 300 | _c22 cm. | ||
| 650 | _aFinance, Personal. | ||
| 650 | _aSuccess. | ||
| 650 | _xInvestments. | ||
| 999 |
_c356540 _d356540 |
||